[Event "Rated Blitz game"]
[Site "?"]
[Date "2021.04.25"]
[Round "?"]
[White "vascodiogo17"]
[Black "Chessbear_163"]
[Result "1-0"]
[WhiteElo "2471"]
[BlackElo "2353"]
[PlyCount "147"]
[EventDate "2021.??.??"]
[EventType "blitz"]

1. e4 e5 2. Nf3 d5 3. d3 dxe4 4. dxe4 Qxd1+ 5. Kxd1 Nc6 6. Bc4 Bg4 7. Be3
O-O-O+ 8. Nbd2 f5 9. exf5 Bxf5 10. Kc1 Nf6 11. Re1 Bd6 12. h3 h6 13. a3 Rhe8
14. Nb3 Kb8 15. Kb1 Be6 16. Bxe6 Rxe6 17. Ka2 Re7 18. Rad1 Red7 19. Kb1 a6 20.
Rd2 Ne4 21. Rdd1 Nf6 22. Nc1 Ne7 23. Ne2 Nf5 24. Bc1 e4 25. Nfd4 Nxd4 26. Rxd4
Bc5 27. Rxd7 Rxd7 28. Be3 Bxe3 29. fxe3 Rd2 30. Kc1 Rd6 31. Rd1 Nd5 32. Ng3
Nxe3 33. Rxd6 cxd6 34. Nxe4 d5 35. Nc3 d4 36. Ne2 Nxg2 37. Nxd4 Nf4 38. Nf5
Nxh3 39. Nxg7 Nf4 40. Kd2 h5 41. Ke3 Nd5+ 42. Kd4 Nf6 43. Nf5 Kc7 44. Ke5 Ng4+
45. Kf4 Nf6 46. Kg5 Ne4+ 47. Kxh5 Nd2 48. Ne3 Kd6 49. Kg4 Kc5 50. c3 Nc4 51.
b4+ Kb5 52. Kf3 Nxa3 53. Ke4 Nc4 54. Nc2 Ka4 55. Kd3 Na3 56. Nxa3 Kxa3 57. Kc4
Ka4 58. Kc5 Kb3 59. c4 Ka4 60. b5 a5 61. Kb6 Kb4 62. Kxb7 a4 63. b6 a3 64. c5
a2 65. c6 a1=Q 66. c7 Qh1+ 67. Kb8 Qc6 68. b7 Qd6 69. Kc8 Qe6+ 70. Kd8 Qd6+ 71.
Kc8 Qe6+ 72. Kb8 Qd6 73. Ka7 Qc6 74. b8=Q+ {Time forfeit} 1-0

[Event "Rated Blitz game"]
[Site "?"]
[Date "2021.04.25"]
[Round "?"]
[White "vasiljev_alex2020"]
[Black "Gifroy"]
[Result "0-1"]
[WhiteElo "2446"]
[BlackElo "2443"]
[PlyCount "94"]
[EventDate "2021.??.??"]
[EventType "blitz"]

1. e4 e5 2. Nf3 d5 3. d4 dxe4 4. Nxe5 Bd6 5. Nc4 Be7 6. Be2 Bf5 7. O-O Nf6 8.
Bg5 Nbd7 9. Ne3 Bg6 10. c4 O-O 11. Nc3 h6 12. Bh4 c6 13. f3 exf3 14. Bxf3 Re8
15. Bf2 Bd6 16. Qb3 Qc7 17. g3 b6 18. Rad1 Rad8 19. Ng4 Ne4 20. Bxe4 Bxe4 21.
Nxe4 Rxe4 22. Qf3 Re7 23. Rde1 Rde8 24. Rxe7 Rxe7 25. Qf5 c5 26. d5 Ne5 27. Ne3
Qd7 28. Qc2 Qh3 29. Be1 Ng6 30. Nf5 Rd7 31. Bc3 Be5 32. Bxe5 Nxe5 33. Qe4 Ng4
34. Qe8+ Kh7 35. Qe2 g6 36. Nh4 Re7 37. Qg2 Qxg2+ 38. Nxg2 Kg7 39. Re1 Rxe1+
40. Nxe1 Ne5 41. b3 Kf6 42. Kf2 Ke7 43. Ke3 Kd6 44. Ke4 f5+ 45. Kf4 Nf7 46. Kf3
g5 47. h4 Ne5+ {Time forfeit} 0-1

[Event "Rated Blitz game"]
[Site "?"]
[Date "2021.04.25"]
[Round "?"]
[White "mecanico182"]
[Black "Maltinho"]
[Result "1-0"]
[WhiteElo "2405"]
[BlackElo "2590"]
[PlyCount "107"]
[EventDate "2021.??.??"]
[EventType "blitz"]

1. e4 e5 2. Nf3 d5 3. exd5 Bd6 4. Qe2 Nf6 5. d4 e4 6. Ne5 O-O 7. Bg5 h6 8. Bh4
Re8 9. Nc3 Bxe5 10. dxe5 Rxe5 11. O-O-O Nbd7 12. f4 Re8 13. g4 Nb6 14. Rg1 Qd6
15. g5 Qxf4+ 16. Kb1 Qxh4 17. gxf6 Qxf6 18. Nxe4 Rxe4 19. Qxe4 Bf5 20. Qd4 Qxd4
21. Rxd4 Re8 22. Bb5 Rd8 23. Rgd1 Nc8 24. Bd3 Nd6 25. c4 b6 26. b4 g6 27. Kb2
Kg7 28. a4 Kf6 29. c5 bxc5 30. bxc5 Nb7 31. c6 Nd6 32. Rh4 h5 33. Kc3 Rb8 34.
Rb4 Re8 35. a5 Re3 36. Kc2 Rh3 37. Bxf5 gxf5 38. Rd2 Ke5 39. Rb7 Ra3 40. Rxa7
Nc4 41. Re2+ Kd6 42. Re8 Kxd5 43. Re7 Nxa5 44. Kb2 Rb3+ 45. Kc2 Rb5 46. Rxf7
Rc5+ 47. Kd3 Nxc6 48. Rxf5+ Ne5+ 49. Ke3 Ke6 50. Rxh5 Nc4+ 51. Kd4 Rxh5 52.
Kxc4 Rxh2 53. Ra6+ Kd7 54. Ra8 {Time forfeit} 1-0

[Event "Rated Blitz game"]
[Site "?"]
[Date "2021.04.25"]
[Round "?"]
[White "Gabriel_Young"]
[Black "RoadToFM-L"]
[Result "0-1"]
[WhiteElo "2454"]
[BlackElo "2468"]
[PlyCount "94"]
[EventDate "2021.??.??"]
[EventType "blitz"]

1. e4 e5 2. Nf3 d5 3. Nxe5 Bd6 4. d4 dxe4 5. Nc3 Bxe5 6. dxe5 Qxd1+ 7. Nxd1 Nc6
8. Bb5 Bd7 9. Nc3 O-O-O 10. O-O Nxe5 11. Bxd7+ Rxd7 12. Nxe4 f5 13. Nc5 Rd5 14.
Nb3 Nf6 15. Bf4 Ng6 16. Bg5 Ne4 17. Bc1 Rhd8 18. f3 Nf6 19. Bg5 R8d6 20. Rae1
f4 21. Bxf6 Rxf6 22. Rd1 Rg5 23. Nd2 Nh4 24. Rf2 Rfg6 25. Ne4 Rxg2+ 26. Rxg2
Rxg2+ 27. Kf1 Rxc2 28. Ng5 h6 29. Ne6 b6 30. Nxf4 Nxf3 31. Ne6 Nxh2+ 32. Kg1
Nf3+ 33. Kf1 Rxb2 34. Nxg7 Rxa2 35. Nf5 h5 36. Rd3 Nh2+ 37. Kg1 Ng4 38. Rh3 a5
39. Rxh5 a4 40. Rg5 Ne5 41. Ne7+ Kb7 42. Rxe5 a3 43. Nd5 Ra1+ 44. Kg2 a2 45.
Nc3 Rg1+ 46. Kxg1 a1=Q+ 47. Kf2 Qxc3 {Normal} 0-1

[Event "Rated Blitz tournament gbXWUgrm"]
[Site "?"]
[Date "2021.04.25"]
[Round "?"]
[White "Maurevert"]
[Black "dr_xStranger"]
[Result "1-0"]
[WhiteElo "2625"]
[BlackElo "2539"]
[PlyCount "49"]
[EventDate "2021.??.??"]
[EventType "blitz"]

1. e4 e5 2. Nf3 d5 3. exd5 e4 4. Ne5 Qxd5 5. d4 exd3 6. Nxd3 Nf6 7. Nc3 Qd8 8.
Be2 Bd6 9. Bf4 O-O 10. Qd2 Re8 11. O-O-O Nc6 12. Rhe1 Bf5 13. Bf1 a6 14. h3 Qd7
15. g4 Bg6 16. Nc5 Bxc5 17. Rxe8+ Rxe8 18. Qxd7 Nxd7 19. Rxd7 h6 20. Bd3 Bxd3
21. cxd3 Bxf2 22. Rxc7 g5 23. Bd2 Ne5 24. Kc2 b5 25. Ne4 {Normal} 1-0

[Event "Rated Blitz tournament gbXWUgrm"]
[Site "?"]
[Date "2021.04.25"]
[Round "?"]
[White "Saparmyrat"]
[Black "dr_xStranger"]
[Result "0-1"]
[WhiteElo "2644"]
[BlackElo "2532"]
[PlyCount "152"]
[EventDate "2021.??.??"]
[EventType "blitz"]

1. e4 e5 2. Nf3 d5 3. Nxe5 Bd6 4. d4 dxe4 5. Nc4 Nf6 6. Nc3 O-O 7. Bg5 Be7 8.
Be2 Re8 9. O-O h6 10. Bh4 c6 11. Qd2 Nbd7 12. Rfe1 Nf8 13. Bg3 Ng6 14. Bf1 Bf5
15. Ne3 Bd7 16. Rad1 h5 17. h3 h4 18. Bh2 Bb4 19. a3 Ba5 20. b4 Bc7 21. Bxc7
Qxc7 22. d5 Rad8 23. d6 Qc8 24. Na4 b6 25. c4 Nf4 26. c5 b5 27. Nc3 N6h5 28.
Ng4 Bxg4 29. hxg4 Qxg4 30. Nxe4 h3 31. Ng3 Nxg3 32. fxg3 Qxg3 33. d7 Rf8 34.
Re3 h2+ 35. Kh1 Qg4 36. Rf3 Nd5 37. Bxb5 Qxd7 38. Bc4 Qg4 39. Qd4 Qg6 40. Bd3
f5 41. Bc4 Rfe8 42. Rh3 Qf6 43. Qxf6 gxf6 44. Kxh2 Kg7 45. Bxd5 cxd5 46. c6 Re7
47. Rc3 Rc7 48. b5 Kf7 49. a4 Ke6 50. a5 Rb8 51. Rb1 d4 52. Rcc1 Kd5 53. b6
axb6 54. axb6 Rxc6 55. Rb5+ Kd6 56. Rxc6+ Kxc6 57. Rxf5 Kxb6 58. Rxf6+ Kc5 59.
Rf5+ Kc4 60. Rf7 Rb3 61. Rc7+ Kd3 62. Rd7 Rc3 63. g4 Kc2 64. g5 d3 65. g6 Rc6
66. g7 Rg6 67. Kh3 d2 68. Rc7+ Kd1 69. g8=Q Rxg8 70. Kh4 Rh8+ 71. Kg5 Re8 72.
Kf6 Re2 73. Re7 Ke1 74. Ra7 d1=Q 75. Rd7 Qxd7 76. Kg5 Qb5+ {Time forfeit} 0-1

[Event "Rated Blitz game"]
[Site "?"]
[Date "2021.04.24"]
[Round "?"]
[White "NorconDaGawd"]
[Black "GrandeGila"]
[Result "0-1"]
[WhiteElo "2327"]
[BlackElo "2462"]
[PlyCount "41"]
[EventDate "2021.??.??"]
[EventType "blitz"]

1. e4 e5 2. Nf3 d5 3. exd5 e4 4. Qe2 Nf6 5. Nc3 Be7 6. Nxe4 Nxd5 7. d4 O-O 8.
Bd2 Re8 9. O-O-O Bb4 10. Ne5 Nc6 11. Nxc6 bxc6 12. Qc4 Rxe4 13. Bxb4 Be6 14.
Bd2 Ne3 15. Qd3 Nxd1 16. Qxe4 Nxf2 17. Qf4 Nxh1 18. Bd3 Qd6 19. Qh4 h6 20. g4
Qxd4 21. Qe1 {Normal} 0-1

[Event "Rated Blitz game"]
[Site "?"]
[Date "2021.04.24"]
[Round "?"]
[White "Pelzigeachsel"]
[Black "annaly1979"]
[Result "1/2-1/2"]
[WhiteElo "2492"]
[BlackElo "2421"]
[PlyCount "101"]
[EventDate "2021.??.??"]
[EventType "blitz"]

1. e4 e5 2. Nf3 d5 3. exd5 e4 4. Ne5 Bd6 5. d4 Nf6 6. Nc3 h6 7. Bb5+ Nbd7 8.
Be3 O-O 9. Nxd7 Bxd7 10. Bxd7 Qxd7 11. Qd2 b5 12. a3 a5 13. h3 b4 14. Ne2 bxa3
15. bxa3 Nxd5 16. c4 Nxe3 17. Qxe3 f5 18. c5 Be7 19. h4 c6 20. g3 Bf6 21. O-O
Qd5 22. Rfd1 a4 23. Nf4 Qb3 24. Rab1 Qxe3 25. fxe3 Rab8 26. Rb6 Rxb6 27. cxb6
Rb8 28. Rb1 Kf7 29. b7 g5 30. hxg5 hxg5 31. Ne2 Be7 32. Nc3 Bxa3 33. Nxa4 Bd6
34. Rb6 Ke7 35. Rxc6 Rxb7 36. Nc5 Rb2 37. Ra6 Bxc5 38. dxc5 Re2 39. Ra7+ Kd8
40. Rf7 Rxe3 41. Rxf5 Rxg3+ 42. Kf2 Rg4 43. Ke3 Kc7 44. Re5 Kc6 45. Rxe4 Rg1
46. Re5 g4 47. Rg5 g3 48. Kf3 g2 49. Rg6+ Kxc5 50. Rxg2 Rxg2 51. Kxg2 {Normal}
1/2-1/2

[Event "Rated Blitz game"]
[Site "?"]
[Date "2021.04.24"]
[Round "?"]
[White "imakot"]
[Black "Rusert"]
[Result "0-1"]
[WhiteElo "2320"]
[BlackElo "2500"]
[PlyCount "60"]
[EventDate "2021.??.??"]
[EventType "blitz"]

1. e4 e5 2. Nf3 d5 3. exd5 e4 4. Ne5 Qxd5 5. d4 exd3 6. Nxd3 Nf6 7. Nc3 Qf5 8.
Be2 Nc6 9. O-O Bd6 10. Bf3 O-O 11. Be3 Be6 12. Qe2 Rfe8 13. Rfe1 Bc4 14. Rad1
Nd4 15. Bxd4 Rxe2 16. Rxe2 Rd8 17. Bxb7 Bxh2+ 18. Kxh2 Rxd4 19. g3 Bxd3 20.
cxd3 Rxd3 21. Rxd3 Qxd3 22. Kg2 h5 23. Re7 Qd6 24. Re2 c6 25. Ba6 Qc5 26. Bd3
g5 27. Ne4 Qd5 28. Bb1 Kg7 29. Kh2 Qd1 30. Nc3 Qf1 {Time forfeit} 0-1

[Event "Rated Blitz game"]
[Site "?"]
[Date "2021.04.24"]
[Round "?"]
[White "Alejandropacheco29"]
[Black "annaly1979"]
[Result "1-0"]
[WhiteElo "2449"]
[BlackElo "2429"]
[PlyCount "107"]
[EventDate "2021.??.??"]
[EventType "blitz"]

1. e4 e5 2. Nf3 d5 3. exd5 e4 4. Qe2 f5 5. d3 Nf6 6. Nbd2 Be7 7. dxe4 fxe4 8.
Nxe4 Nxe4 9. Qxe4 O-O 10. Be3 Bd6 11. O-O-O Nd7 12. Bg5 Nf6 13. Qh4 h6 14. Bxf6
Qxf6 15. Qxf6 Rxf6 16. h3 Bd7 17. Bd3 a6 18. Rhe1 b5 19. Re2 Raf8 20. Rde1 g5
21. c3 Bxh3 22. Nxg5 Bg4 23. f3 hxg5 24. fxg4 Kg7 25. Bf5 Rh6 26. Kc2 Rf7 27.
Re8 Rh2 28. R1e2 Rf8 29. R8e4 Rf7 30. a4 bxa4 31. Rxa4 Re7 32. Rae4 Rxe4 33.
Bxe4 a5 34. Kb3 Kf6 35. Ka4 Ke5 36. Kxa5 Kf4 37. Bf3 Rh8 38. Kb5 Rb8+ 39. Kc6
Rb6+ 40. Kd7 Rb3 41. Ke6 Kg3 42. Kf5 Bf4 43. c4 Bd6 44. Rc2 Bc5 45. Kxg5 Be3+
46. Kf5 Bc5 47. g5 Rb8 48. g6 Rf8+ 49. Ke6 Rg8 50. Kf7 Rf8+ 51. Kg7 Rf5 52. Kh7
Rf4 53. g7 Rh4+ 54. Kg6 {Normal} 1-0

[Event "Rated Blitz game"]
[Site "?"]
[Date "2021.04.24"]
[Round "?"]
[White "www68"]
[Black "annaly1979"]
[Result "0-1"]
[WhiteElo "2602"]
[BlackElo "2423"]
[PlyCount "60"]
[EventDate "2021.??.??"]
[EventType "blitz"]

1. e4 e5 2. Nf3 d5 3. Nxe5 Qe7 4. d4 f6 5. Nd3 Nc6 6. c3 Bf5 7. Be3 Bxe4 8. Nd2
Bf5 9. Qa4 Qf7 10. Nc5 Bxc5 11. dxc5 Nge7 12. Nf3 O-O 13. Be2 Be4 14. O-O a6
15. b4 Nf5 16. Bd2 Qg6 17. Rfe1 Rae8 18. Qb3 Ne5 19. Kf1 Bxf3 20. Bxf3 Nh4 21.
Bxd5+ Kh8 22. g3 Qd3+ 23. Re2 Nef3 24. Bc4 Nxd2+ 25. Kg1 Nxc4 26. Rxe8 Rxe8 27.
gxh4 Nd2 28. Rd1 Nf3+ 29. Kg2 Nxh4+ 30. Kg1 Qg6+ {Normal} 0-1

[Event "Rated Blitz game"]
[Site "?"]
[Date "2021.04.24"]
[Round "?"]
[White "jakuboss2"]
[Black "batasjon"]
[Result "0-1"]
[WhiteElo "2406"]
[BlackElo "2356"]
[PlyCount "36"]
[EventDate "2021.??.??"]
[EventType "blitz"]

1. e4 e5 2. Nf3 d5 3. exd5 e4 4. Qe2 Nf6 5. Nc3 Be7 6. Nxe4 O-O 7. d3 Re8 8.
Be3 Nxd5 9. O-O-O f5 10. Ned2 Nc6 11. Nb3 f4 12. c4 fxe3 13. cxd5 exf2 14. Qxf2
Qxd5 15. d4 Bf5 16. Bd3 Nb4 17. Bxf5 Qxf5 18. Qd2 Nxa2# {Normal} 0-1

[Event "Rated Blitz tournament WcwQHa3U"]
[Site "?"]
[Date "2021.04.24"]
[Round "?"]
[White "Vladimir2022"]
[Black "batasjon"]
[Result "1-0"]
[WhiteElo "2415"]
[BlackElo "2350"]
[PlyCount "77"]
[EventDate "2021.??.??"]
[EventType "blitz"]

1. e4 e5 2. Nf3 d5 3. Nxe5 Bd6 4. d4 dxe4 5. Nc3 Nf6 6. Bg5 O-O 7. Bc4 Nbd7 8.
Nxd7 Bxd7 9. O-O h6 10. Bxf6 Qxf6 11. Nxe4 Bxh2+ 12. Kxh2 Qh4+ 13. Kg1 Qxe4 14.
Bd3 Qf4 15. g3 Qg5 16. Qf3 c6 17. Rfe1 Rad8 18. c3 Bg4 19. Qe4 f5 20. Qe7 Qh5
21. Be2 f4 22. Bxg4 Qxg4 23. Qe6+ Qxe6 24. Rxe6 fxg3 25. fxg3 Rf3 26. Kg2 Rdf8
27. Re2 Rd3 28. Kh2 Rff3 29. Rg1 Kf7 30. Rgg2 Kg6 31. Ref2 Rfe3 32. Re2 Kg5 33.
Ref2 Kh5 34. Rf7 g5 35. Rxb7 Kg4 36. Rh7 h5 37. Rg7 Re1 38. Rf2 Rdd1 39. Rf4# {
Normal} 1-0

[Event "Rated Blitz game"]
[Site "?"]
[Date "2021.04.24"]
[Round "?"]
[White "lederman"]
[Black "Rusert"]
[Result "1-0"]
[WhiteElo "2469"]
[BlackElo "2510"]
[PlyCount "22"]
[EventDate "2021.??.??"]
[EventType "blitz"]

1. e4 e5 2. Nf3 d5 3. exd5 e4 4. Qe2 Nf6 5. d3 Qxd5 6. Nbd2 Bf5 7. Nh4 g6 8.
dxe4 Nxe4 9. f3 Be7 10. Nxf5 gxf5 11. fxe4 fxe4 {Normal} 1-0

[Event "Rated Blitz tournament NeHYlTjN"]
[Site "?"]
[Date "2021.04.24"]
[Round "?"]
[White "Aaryan98"]
[Black "Akarchess90"]
[Result "1-0"]
[WhiteElo "2508"]
[BlackElo "2252"]
[PlyCount "75"]
[EventDate "2021.??.??"]
[EventType "blitz"]

1. e4 e5 2. Nf3 d5 3. exd5 Qxd5 4. Nc3 Qe6 5. Bb5+ c6 6. Ba4 Nf6 7. O-O Be7 8.
Re1 Nbd7 9. d4 e4 10. Ng5 Qf5 11. Ngxe4 Nxe4 12. Nxe4 O-O 13. c4 Nb6 14. Ng3
Qf6 15. Bb3 Be6 16. Ne4 Qh4 17. Qe2 Rad8 18. c5 Nd5 19. Bd2 Rfe8 20. Qf3 Nc7
21. Bc3 a6 22. Ng3 Bf6 23. Nf5 Bxf5 24. Qxf5 Nd5 25. g3 Qh6 26. Bxd5 cxd5 27.
Rxe8+ Rxe8 28. Qxd5 Qg6 29. Qf3 Qc2 30. Rd1 h6 31. Kf1 Qa4 32. a3 Qc4+ 33. Kg2
Re2 34. d5 Bxc3 35. bxc3 Rc2 36. d6 Qxc3 37. Qxc3 Rxc3 38. d7 {Normal} 1-0

[Event "Rated Blitz game"]
[Site "?"]
[Date "2021.04.24"]
[Round "?"]
[White "KeyserSozeee"]
[Black "magos33"]
[Result "0-1"]
[WhiteElo "2320"]
[BlackElo "2409"]
[PlyCount "112"]
[EventDate "2021.??.??"]
[EventType "blitz"]

1. e4 e5 2. Nf3 d5 3. exd5 e4 4. Qe2 Nf6 5. Nc3 Be7 6. Nxe4 Nxd5 7. d3 O-O 8.
Qd1 Re8 9. Be2 f5 10. Nc3 Bb4 11. Bd2 Bxc3 12. bxc3 Qe7 13. c4 Nf6 14. Be3 Ng4
15. Qd2 Nc6 16. h3 Nxe3 17. Qxe3 Qxe3 18. fxe3 Rxe3 19. Kd2 Re7 20. Rab1 b6 21.
Ne1 Nd4 22. Bf3 Nxf3+ 23. Nxf3 c5 24. Rhe1 Rxe1 25. Rxe1 Kf8 26. Ne5 Rb8 27. c3
Rb7 28. d4 Re7 29. Nf3 Rxe1 30. Kxe1 Ke7 31. Kd2 Kd6 32. Ke3 h6 33. h4 Bb7 34.
Kf4 Ke6 35. g3 Kf6 36. h5 Bc6 37. Nh4 Be8 38. Nxf5 Bxh5 39. g4 Bf7 40. d5 Bg6
41. Nd6 Bd3 42. Ke3 Bf1 43. Kf2 Bd3 44. Ke3 Bb1 45. a4 Kg5 46. Kf3 Bc2 47. Nc8
Bd1+ 48. Kg3 Bxg4 49. Nxa7 Bd7 50. Nc6 Kf5 51. Na7 Ke5 52. Nb5 g5 53. Nc7 h5
54. Nb5 h4+ 55. Kh2 g4 56. Nd4 g3+ {Time forfeit} 0-1

[Event "Rated Blitz game"]
[Site "?"]
[Date "2021.04.24"]
[Round "?"]
[White "C_K_G"]
[Black "Rusert"]
[Result "0-1"]
[WhiteElo "2322"]
[BlackElo "2469"]
[PlyCount "56"]
[EventDate "2021.??.??"]
[EventType "blitz"]

1. e4 e5 2. Nf3 d5 3. Nxe5 Bd6 4. d4 dxe4 5. Nc4 Nf6 6. Nxd6+ Qxd6 7. Be2 O-O
8. O-O Rd8 9. c3 h6 10. Na3 Be6 11. Nb5 Qb6 12. a4 a5 13. Bf4 Nd5 14. Bg3 c6
15. Nd6 Qxb2 16. c4 Nc3 17. Rb1 Nxd1 18. Rxb2 Nxb2 19. Nxb7 Rxd4 20. Be5 Rd2
21. Bh5 Nxc4 22. Bf4 Rd5 23. Be2 Rf5 24. Bg3 Nd7 25. Rd1 Ndb6 26. h3 Rd5 27.
Rc1 Ra7 28. Bxc4 Nxc4 {Normal} 0-1

[Event "Rated Blitz tournament 5jwH4X6L"]
[Site "?"]
[Date "2021.04.24"]
[Round "?"]
[White "nissousspou"]
[Black "lavilaine"]
[Result "1-0"]
[WhiteElo "2440"]
[BlackElo "2354"]
[PlyCount "55"]
[EventDate "2021.??.??"]
[EventType "blitz"]

1. e4 e5 2. Nf3 d5 3. exd5 e4 4. Qe2 f5 5. d3 Nf6 6. Nc3 Bb4 7. Bg5 Bxc3+ 8.
bxc3 Qxd5 9. Bxf6 gxf6 10. Nd2 O-O 11. h4 Nc6 12. h5 Re8 13. h6 Qa5 14. Qh5 Bd7
15. Be2 Qxc3 16. Rd1 exd3 17. cxd3 Qxd3 18. Nb1 Qc2 19. Rxd7 Qxb1+ 20. Rd1 Qb4+
21. Kf1 Nd4 22. Bd3 Re5 23. Rh3 Rae8 24. Rg3+ Kh8 25. Kg1 Re1+ 26. Kh2 Rxd1 27.
Qxe8+ Qf8 28. Qxf8# {Normal} 1-0

[Event "Rated Blitz tournament qu6qbMGs"]
[Site "?"]
[Date "2021.04.24"]
[Round "?"]
[White "Nhongsky"]
[Black "Unknownimous"]
[Result "0-1"]
[WhiteElo "2323"]
[BlackElo "2406"]
[PlyCount "34"]
[EventDate "2021.??.??"]
[EventType "blitz"]

1. e4 e5 2. Nf3 d5 3. exd5 e4 4. Ng1 Qxd5 5. Nc3 Qe5 6. Qe2 Nf6 7. d3 Bb4 8.
Bd2 Bf5 9. O-O-O Nbd7 10. f3 exd3 11. cxd3 O-O-O 12. f4 Qa5 13. a3 Rhe8 14. Qf2
Bc5 15. Qg3 Bxa3 16. bxa3 Qxa3+ 17. Kc2 Nc5 {Normal} 0-1

[Event "Rated Blitz game"]
[Site "?"]
[Date "2021.04.24"]
[Round "?"]
[White "Katzik"]
[Black "pasha1984"]
[Result "0-1"]
[WhiteElo "2369"]
[BlackElo "2411"]
[PlyCount "110"]
[EventDate "2021.??.??"]
[EventType "blitz"]

1. e4 e5 2. Nf3 d5 3. Nxe5 dxe4 4. d4 Bd6 5. Nc4 Nc6 6. Ne3 Nf6 7. Be2 O-O 8.
c3 Ne7 9. c4 c6 10. Nc3 Nf5 11. Qc2 Nxd4 12. Qd1 c5 13. Ned5 Nxd5 14. Nxd5 Be6
15. Be3 Bxd5 16. Bxd4 cxd4 17. cxd5 d3 18. Bg4 Bb4+ 19. Kf1 Qxd5 20. Qa4 a5 21.
h4 b5 22. Qd1 f5 23. Bh3 Rac8 24. a3 Bc5 25. Qd2 Bd4 26. Rc1 Rc5 27. Rxc5 Qxc5
28. g3 Qc2 29. Qf4 d2 30. Kg2 d1=Q 31. Rxd1 Qxd1 32. Bxf5 Qf3+ 33. Qxf3 exf3+
34. Kxf3 Rxf5+ 35. Ke4 Rxf2 36. Kxd4 Rxb2 37. h5 Rb3 38. g4 Rxa3 39. Kc5 b4 40.
Kc4 b3 41. Kc3 a4 42. g5 Ra2 43. g6 b2 44. Kc2 a3 45. h6 hxg6 46. h7+ Kxh7 47.
Kc3 Ra1 48. Kd4 b1=Q 49. Kc4 Qb2 50. Kd5 Rc1 51. Ke4 Qd2 52. Kf3 Re1 53. Kg4
Re3 54. Kh4 Qd4+ 55. Kg5 Re5# {Normal} 0-1

[Event "Rated Blitz game"]
[Site "?"]
[Date "2021.04.24"]
[Round "?"]
[White "adamiva5"]
[Black "Akbas_Kaan"]
[Result "0-1"]
[WhiteElo "2366"]
[BlackElo "2408"]
[PlyCount "128"]
[EventDate "2021.??.??"]
[EventType "blitz"]

1. e4 e5 2. Nf3 d5 3. exd5 e4 4. Qe2 Nf6 5. d3 Qxd5 6. Nbd2 Be6 7. dxe4 Qa5 8.
Qb5+ Qxb5 9. Bxb5+ c6 10. Bd3 Nbd7 11. O-O O-O-O 12. Ng5 Nc5 13. Nxe6 Nxe6 14.
Nb3 Bd6 15. f3 c5 16. Be3 b6 17. Nd2 Nf4 18. Ba6+ Kc7 19. Nc4 Ng6 20. Nxd6 Rxd6
21. Bf2 Kc6 22. a4 Rd2 23. Rac1 Rhd8 24. Bd3 Nf4 25. Bb5+ Kb7 26. Kh1 N6h5 27.
Be3 Rxg2 28. Rg1 Rxg1+ 29. Rxg1 g6 30. Bc4 Rd7 31. a5 h6 32. a6+ Kc8 33. Bb5
Rd6 34. Bc4 g5 35. Bxf7 Rf6 36. Bxh5 Nxh5 37. Rf1 Ng7 38. c3 Kc7 39. b4 cxb4
40. cxb4 b5 41. Bd4 Rg6 42. Rc1+ Kb8 43. Bxg7 Rxg7 44. Rc6 Rh7 45. e5 Re7 46.
e6 Re8 47. Kg2 Rc8 48. Rd6 Re8 49. Kg3 Kc7 50. Rd7+ Kb6 51. Rh7 Rxe6 52. Kg4
Kxa6 53. Kh5 Kb6 54. Rxh6 Rxh6+ 55. Kxh6 a5 56. Kxg5 a4 57. h4 a3 58. h5 a2 59.
h6 a1=Q 60. h7 Qh8 61. Kh6 Kc6 62. f4 Kd6 63. f5 Ke5 64. Kg6 Qf6+ {Time forfeit
} 0-1

[Event "Rated Blitz game"]
[Site "?"]
[Date "2021.04.24"]
[Round "?"]
[White "lederman"]
[Black "Rusert"]
[Result "0-1"]
[WhiteElo "2467"]
[BlackElo "2511"]
[PlyCount "108"]
[EventDate "2021.??.??"]
[EventType "blitz"]

1. e4 e5 2. Nf3 d5 3. exd5 e4 4. Qe2 Nf6 5. d3 Qxd5 6. Nbd2 Bf5 7. Nh4 Be7 8.
Nxf5 Qxf5 9. dxe4 Qg6 10. Qb5+ Nbd7 11. Qf5 Qxf5 12. exf5 O-O-O 13. Be2 Rhe8
14. O-O Bb4 15. Bb5 c6 16. c3 cxb5 17. cxb4 Re5 18. Nf3 Rxf5 19. Be3 b6 20.
Rfd1 Rd5 21. Bg5 Re8 22. Rac1+ Kb7 23. Bf4 Rxd1+ 24. Rxd1 Re4 25. Be3 Rxb4 26.
b3 h6 27. Nd4 Nc5 28. a3 Rxb3 29. Nxb3 Nxb3 30. f3 a5 31. Rb1 a4 32. Kf2 Nd5
33. Rd1 Kc6 34. Bd4 Nxd4 35. Rxd4 Kc5 36. Rg4 b4 37. axb4+ Nxb4 38. Re4 a3 39.
Re3 a2 40. Ra3 Kc4 41. Ke2 b5 42. Kd2 f5 43. Kc1 Nd3+ 44. Kc2 Ne1+ 45. Kb2 Nxg2
46. Ra7 g5 47. Rh7 Ne1 48. f4 gxf4 49. Rxh6 f3 50. Rf6 Nd3+ 51. Kxa2 f4 52.
Rc6+ Kd5 53. Rc2 f2 54. Rxf2 Nxf2 {Normal} 0-1

[Event "Rated Blitz tournament nV9Cou80"]
[Site "?"]
[Date "2021.04.24"]
[Round "?"]
[White "CAMAT-RCK"]
[Black "Bis_Kecil_BKD"]
[Result "1-0"]
[WhiteElo "2269"]
[BlackElo "2456"]
[PlyCount "78"]
[EventDate "2021.??.??"]
[EventType "blitz"]

1. e4 e5 2. Nf3 d5 3. exd5 e4 4. Qe2 Nf6 5. Nc3 Be7 6. Nxe4 O-O 7. d3 Qxd5 8.
Bd2 Nc6 9. c4 Qh5 10. Ng3 Qg6 11. Nh4 Qg4 12. Qxg4 Bxg4 13. f3 Be6 14. O-O-O
Nd4 15. Bc3 c5 16. Bxd4 cxd4 17. Nhf5 Bc5 18. Ne4 Nxe4 19. dxe4 Rfd8 20. Bd3 b5
21. b3 Rac8 22. cxb5 Ba3+ 23. Kb1 Bxf5 24. exf5 Rc3 25. Rhe1 Kf8 26. Re4 Rdc8
27. Bc4 d3 28. Rd4 Re8 29. R4xd3 Rxd3 30. Bxd3 Ke7 31. Bc4 Kf6 32. g4 h6 33. h4
h5 34. g5+ Kxf5 35. Bxf7 Re2 36. Bxh5 Rb2+ 37. Ka1 Kf4 38. Rd4+ Ke3 39. Ra4 Rc2
{Normal} 1-0

[Event "Rated Blitz game"]
[Site "?"]
[Date "2021.04.24"]
[Round "?"]
[White "jamshah12345"]
[Black "GrandeGila"]
[Result "0-1"]
[WhiteElo "2297"]
[BlackElo "2465"]
[PlyCount "70"]
[EventDate "2021.??.??"]
[EventType "blitz"]

1. e4 e5 2. Nf3 d5 3. exd5 e4 4. Qe2 Nf6 5. Nc3 Be7 6. Nxe4 Nxd5 7. Nc3 Nf4 8.
Qe4 Ng6 9. d4 O-O 10. Be3 Re8 11. Qd3 Nc6 12. O-O-O Bf6 13. Kb1 Be6 14. d5 Nce5
15. Nxe5 Nxe5 16. Qb5 Bd7 17. Qb3 a6 18. h3 b5 19. Be2 Qe7 20. a3 g6 21. Qb4
Qd8 22. Rhe1 Bg7 23. Bd4 Rc8 24. Qa5 c5 25. Qxd8 Rexd8 26. Bxe5 Bxe5 27. Bf3
Bd4 28. Re2 b4 29. axb4 cxb4 30. Rxd4 bxc3 31. b3 Bb5 32. Re7 Rd6 33. Be2 Kf8
34. Rb7 Bxe2 35. Re4 Re8 {Time forfeit} 0-1

[Event "Rated Blitz game"]
[Site "?"]
[Date "2021.04.24"]
[Round "?"]
[White "koromarbel"]
[Black "annaly1979"]
[Result "0-1"]
[WhiteElo "2409"]
[BlackElo "2403"]
[PlyCount "46"]
[EventDate "2021.??.??"]
[EventType "blitz"]

1. e4 e5 2. Nf3 d5 3. exd5 e4 4. Qe2 f5 5. d3 Nf6 6. dxe4 fxe4 7. c4 Bd6 8. Bg5
O-O 9. Nfd2 h6 10. Bh4 Bf5 11. Nc3 Nbd7 12. O-O-O Nc5 13. h3 Nd3+ 14. Kb1 e3
15. Nde4 Nxe4 16. Bxd8 Nexf2 17. Ka1 Nxh1 18. Rxd3 Ng3 19. Rxe3 Nxe2 20. Bxe2
Raxd8 21. a3 a6 22. Ka2 Rde8 23. Rf3 Bg6 {Normal} 0-1

[Event "Rated Blitz game"]
[Site "?"]
[Date "2021.04.24"]
[Round "?"]
[White "petrut1970"]
[Black "anjaya01"]
[Result "1-0"]
[WhiteElo "2389"]
[BlackElo "2407"]
[PlyCount "67"]
[EventDate "2021.??.??"]
[EventType "blitz"]

1. e4 e5 2. Nf3 d5 3. exd5 Bd6 4. d3 f5 5. c4 c5 6. Nc3 a6 7. Be2 Nf6 8. O-O
O-O 9. Re1 h6 10. Bf1 Nbd7 11. a3 b6 12. Rb1 Ra7 13. b4 Ng4 14. h3 Ngf6 15.
bxc5 bxc5 16. Bb2 g5 17. Na4 Re8 18. Bc3 Qc7 19. Qd2 a5 20. Nxg5 hxg5 21. Qxg5+
Kh8 22. Qxf5 Qd8 23. Qg6 Nf8 24. Qh6+ N6h7 25. f4 Rae7 26. fxe5 Bxe5 27. Rxe5
Rxe5 28. Re1 Qe7 29. Rxe5 Qxe5 30. Bxe5+ Rxe5 31. Nxc5 Re1 32. d6 Bf5 33. d4
Rc1 34. Qxc1 {Normal} 1-0